<?xml version="1.0" encoding="UTF-8"?>
<record
    xmlns:xsi="http://www.w3.org/2001/XMLSchema-instance"
    xsi:schemaLocation="http://www.loc.gov/MARC21/slim http://www.loc.gov/standards/marcxml/schema/MARC21slim.xsd"
    xmlns="http://www.loc.gov/MARC21/slim">

  <leader>00914nam0a22002291  4500</leader>
  <controlfield tag="001">rc\3050040</controlfield>
  <controlfield tag="005">20250530024232.0</controlfield>
  <datafield tag="035" ind1=" " ind2=" ">
    <subfield code="a">(NLR Aleph) 007189591</subfield>
  </datafield>
  <datafield tag="090" ind1=" " ind2=" ">
    <subfield code="a">7524514</subfield>
    <subfield code="c">7524514</subfield>
  </datafield>
  <datafield tag="100" ind1=" " ind2=" ">
    <subfield code="a">20111010d1936    |||y0rusy50      ca</subfield>
  </datafield>
  <datafield tag="101" ind1="0" ind2=" ">
    <subfield code="a">rus</subfield>
  </datafield>
  <datafield tag="102" ind1=" " ind2=" ">
    <subfield code="a">RU</subfield>
  </datafield>
  <datafield tag="105" ind1=" " ind2=" ">
    <subfield code="a">y   z   |||||</subfield>
  </datafield>
  <datafield tag="200" ind1="1" ind2=" ">
    <subfield code="a">&#x41E;&#x43F;&#x44B;&#x442; &#x438;&#x437;&#x443;&#x447;&#x435;&#x43D;&#x438;&#x44F; &#x43C;&#x435;&#x441;&#x442;&#x43D;&#x44B;&#x445; &#x43B;&#x435;&#x433;&#x435;&#x43D;&#x434;. &#x41A;&#x438;&#x442;&#x435;&#x436;&#x441;&#x43A;&#x430;&#x44F; &#x43B;&#x435;&#x433;&#x435;&#x43D;&#x434;&#x430;</subfield>
    <subfield code="e">(&#x422;&#x435;&#x437;&#x438;&#x441;&#x44B; &#x434;&#x438;&#x441;&#x441;&#x435;&#x440;&#x442;&#x430;&#x446;&#x438;&#x438; &#x43D;&#x430; &#x441;&#x442;&#x435;&#x43F;&#x435;&#x43D;&#x44C; &#x434;-&#x440;&#x430; &#x43B;&#x438;&#x442;&#x435;&#x440;&#x430;&#x442;&#x443;&#x440;&#x43E;&#x432;&#x435;&#x434;&#x435;&#x43D;&#x438;&#x44F;)</subfield>
    <subfield code="f">&#x412;.&#x41B;. &#x41A;&#x43E;&#x43C;&#x430;&#x440;&#x43E;&#x432;&#x438;&#x447;</subfield>
    <subfield code="g">&#x410;&#x43A;&#x430;&#x434;. &#x43D;&#x430;&#x443;&#x43A; &#x421;&#x421;&#x421;&#x420;</subfield>
  </datafield>
  <datafield tag="210" ind1=" " ind2=" ">
    <subfield code="a">[&#x41C;&#x43E;&#x441;&#x43A;&#x432;&#x430;]</subfield>
    <subfield code="a">[&#x41B;&#x435;&#x43D;&#x438;&#x43D;&#x433;&#x440;&#x430;&#x434;]</subfield>
    <subfield code="c">&#x411;. &#x438;.</subfield>
    <subfield code="d">[1936]</subfield>
    <subfield code="e">&#x41B;&#x435;&#x43D;&#x438;&#x43D;&#x433;&#x440;&#x430;&#x434;</subfield>
    <subfield code="g">&#x442;&#x438;&#x43F;. &#x410;&#x43A;&#x430;&#x434;. &#x43D;&#x430;&#x443;&#x43A; &#x421;&#x421;&#x421;&#x420;</subfield>
  </datafield>
  <datafield tag="215" ind1=" " ind2=" ">
    <subfield code="a">7 &#x441;.</subfield>
    <subfield code="d">23&#xD7;15 &#x441;&#x43C;</subfield>
  </datafield>
  <datafield tag="700" ind1=" " ind2="1">
    <subfield code="a">&#x41A;&#x43E;&#x43C;&#x430;&#x440;&#x43E;&#x432;&#x438;&#x447;</subfield>
    <subfield code="b">&#x412;.&#x41B;.</subfield>
    <subfield code="g">&#x412;&#x430;&#x441;&#x438;&#x43B;&#x438;&#x439; &#x41B;&#x435;&#x43E;&#x43D;&#x438;&#x434;&#x43E;&#x432;&#x438;&#x447;</subfield>
  </datafield>
  <datafield tag="801" ind1=" " ind2="0">
    <subfield code="a">RU</subfield>
    <subfield code="b">NLR</subfield>
    <subfield code="g">psbo</subfield>
  </datafield>
  <datafield tag="801" ind1=" " ind2="1">
    <subfield code="a">RU</subfield>
    <subfield code="b">ELAR</subfield>
    <subfield code="2">rusmarc</subfield>
  </datafield>
  <datafield tag="852" ind1=" " ind2=" ">
    <subfield code="a">NLR</subfield>
    <subfield code="j">36-11/918</subfield>
  </datafield>
  <datafield tag="942" ind1=" " ind2=" ">
    <subfield code="c">BOOK</subfield>
  </datafield>
  <datafield tag="980" ind1=" " ind2=" ">
    <subfield code="a">NB</subfield>
  </datafield>
  <datafield tag="995" ind1=" " ind2=" ">
    <subfield code="5">2013-10-26</subfield>
    <subfield code="b">NLR02</subfield>
    <subfield code="c">NLR02</subfield>
    <subfield code="e">RFS</subfield>
    <subfield code="f">7189591-10</subfield>
    <subfield code="k">36-11/918</subfield>
    <subfield code="o">0</subfield>
    <subfield code="r">BOOK</subfield>
    <subfield code="s">3611918_</subfield>
  </datafield>
</record>
